000 00700nam a2200217Ii 4500
003 JO-AjNU
008 230605s9999||||xx |||||||||||||| ||und||
020 _a978-9957-593-46-9
040 _aJO-AjNU
_bara
_erda
_cJO-AjNU
041 _aara
050 1 4 _aQA433.A9982 2019
100 3 _aصبري، عزام عبد الرحمن ,
_eauthor
_960098
245 0 0 _aأساسيات في المصفوفات والمتجهات
250 _aط1
264 3 1 _aعمان: دار المنهجية للنشر،2019
300 _a203ص
336 _atext
_btxt
_2rdacontent
337 _aunmediated
_bn
_2rdamedia
338 _avolume
_bnc
_2rdacarrier
650 4 _aالرياضيات-المصفوفات
_960099
999 _aA27080
_c30648
_d30648